00926 a2200181 45000010006000000050017000060080041000230030015000640400040000790800117001192450045002362500011002812640051002923000019003435050355003620410008007171000019007254631320260407155735.0260407a1967 arg spa dAR-UNSa-BCEJYS aAR-UNSa-BCEJYSbspacAR-UNSa-BCEJYS a338.2xPolítica económica. Control de la economía. Gestión de la economía. Planificación económica10aLa economía política del crecimiento a4a. ed 1aMéxico :bFondo de Cultura Económicac1967 a347 p.c21 cm. a1. Panorama general – 2. El concepto de excedente económico – 3. Estancamiento y desarrollo del capitalismo monopolista (I) – 4. Estancamiento y desarrollo del capitalismo monopolista (II) – 5. Las raíces del atraso – 6. Hacia una morfología del atraso (I) – 7. Hacia la morfología del atraso (II) – 8. El ascenso a la cumbre.  aspa1 aBaran, Paul A.